International Politics after the Cold War

Medzinárodná politika bola po studenej vojne charakterizovaná zmenou systému v hierarchii svetového poriadku. Svetový poriadok už nebol bipolárny. Stal sa (najmenej na dve desaťročia) unipolárnym. Spojené štáty americké boli na vrchole hierarchie. Kapitola zahŕňa úlohu Spojených štátov, Európskej ún...

Descripción completa

Guardado en:
Detalles Bibliográficos
Autor principal: Kucharčík, Rudolf, 1977-
Formato: Capítulo de libro
Lenguaje:inglés
Materias:
Etiquetas: Agregar Etiqueta
Sin Etiquetas, Sea el primero en etiquetar este registro!

MARC

LEADER 00000naa$a2200000$$$4500
001 0288751
005 20240502083923.9
041 0 |a eng 
044 |a UA 
245 1 0 |a International Politics after the Cold War  |c Rudolf Kucharčík 
520 |a Medzinárodná politika bola po studenej vojne charakterizovaná zmenou systému v hierarchii svetového poriadku. Svetový poriadok už nebol bipolárny. Stal sa (najmenej na dve desaťročia) unipolárnym. Spojené štáty americké boli na vrchole hierarchie. Kapitola zahŕňa úlohu Spojených štátov, Európskej únie, Ruska, Juhoslávie, Blízkeho východu, Číny, Afriky a Latinskej Ameriky vo svete po roku 1989. 
610 2 0 |a vojna studená 
610 2 0 |a politika 
610 2 0 |a vzťahy medzinárodné 
610 2 0 |a politika medzinárodná 
610 2 0 |a USA 
610 2 0 |a Rusko 
100 1 |a Kucharčík, Rudolf, 1977-